000 00702nam a22002057a 4500
999 _c10044
_d10044
003 AR-CdUCM
008 190329b ||||| |||| 00| 0 spa d
040 _aMUNICIPALIDAD PROVINCIAL DEL CUSCO
_cBIBLIOTECA MUNICIPAL DEL CUSCO
082 _a638.1 /
_bB97 / 1934
100 _aButendieck B, Ricardo
_926669
245 _aApicultura chilena /
260 _asantiago :
_bCultura,
_c1934.
300 _a158 páginas ;
_c17 cm.
505 _aContenido : Generalidades -- Dedicatoria -- Prefacio -- consideraciones generales -- ¿Donde se pueden establecer colmenares? ...
650 _aApicultura
_926670
650 _aAbejas
_926671
650 _aChilena
_925943
942 _2ddc
_cLIBROS
945 _arah